Super Meat Boy Light World Levels - Statistics

General Stats
  • This quiz has been taken 2 times
  • The average score is 98 of 125
Answer Stats
World Level % Correct
5-12 10 Horns
100%
7-20 4 Letter Word
100%
2-12 Above
100%
4-14 Adversary
100%
1-18 Altamont
100%
2-14 Aunt Flo
100%
4-20 Babylon
100%
4-12 Big Brother
100%
2-5 Big Empty
100%
2-1 Biohazard
100%
2-4 Blew
100%
1-14 Blood Mountain
100%
2-9 Blood Swamp
100%
4-1 Boilermaker
100%
3-8 Boomtown
100%
4-18 Boris
100%
4-16 Bow
100%
3-10 Breakdown
100%
1-15 Cactus Jumper
100%
2-20 Day Breaker
100%
2-18 Destructoid
100%
1-7 Diverge
100%
6-3 Echoes
100%
1-11 Fired
100%
2-15 Gallbladder
100%
6-4 Gently
100%
2-11 Ghost Key
100%
5-10 Grinding Mill
100%
1-1 Hello World
100%
5-11 Heretic
100%
1-5 Holy Mountain
100%
7-16 Hopscotch
100%
2-7 Hush
100%
1-19 Intermission
100%
2-10 Johnny's Cage
100%
5-14 King Carrion
100%
4-13 Lazy
100%
7-17 Lead Sheets
100%
7-15 Lock Out
100%
4-17 Lost Highway
100%
2-3 Memories
100%
3-7 Mind The Gap
100%
3-16 Mono
100%
1-17 Morningstar
100%
1-4 Nutshell
100%
6-5 Omega
100%
2-2 One Down
100%
7-8 Pig Latin
100%
7-1 Pink Noise
100%
1-12 Revolve
100%
4-7 Rickets
100%
7-2 Run Rabbit Run
100%
3-9 Shotzie!
100%
1-16 Sidewinder
100%
1-8 The Bit
100%
5-15 The Flood
100%
1-3 The Gap
100%
5-17 The Kingdom
100%
5-13 The Lamb
100%
1-10 The Levee
100%
2-8 The Sabbath
100%
3-2 The Salt Lick
100%
1-20 The Test
100%
1-13 Tommy's Cabin
100%
3-4 Transmissions
100%
2-13 Ulcer Pop
100%
3-5 Uptown
100%
1-2 Upward
100%
3-15 Vertigo
100%
7-14 Watchtower
100%
4-8 Weibe
100%
3-20 White Noise
100%
4-15 Abandon
50%
5-9 Abomination
50%
4-10 Ball N Chain
50%
1-6 Bladecatcher
50%
3-11 Box Tripper
50%
4-2 Brindle
50%
7-10 Bullet Bob
50%
4-9 Deceiver
50%
5-8 Descent
50%
3-19 Dig
50%
5-2 Evangel
50%
5-18 Gate Of Ludd
50%
3-14 Gurdy
50%
7-9 Hatch
50%
4-3 Heck Hole
50%
4-4 Hex
50%
5-20 Judgment
50%
5-6 Left Behind
50%
4-6 Leviathan
50%
7-18 Oobs Revenge
50%
4-11 Oracle
50%
7-6 Panic Attack
50%
5-5 Panic Switch
50%
7-12 Peel
50%
7-13 Pepto
50%
3-1 Pit Stop
50%
3-3 Push
50%
4-5 Pyro
50%
5-3 Ripe Decay
50%
5-4 Rise
50%
5-16 Rotgut
50%
3-17 Rustic
50%
6-2 Schism
50%
2-19 Six Feet
50%
7-3 Spinal Tap
50%
7-4 Stag
50%
2-16 Synj
50%
3-13 The Bend
50%
3-12 The Dumper
50%
5-7 The Fallen
50%
2-6 The Grain
50%
3-18 The Grundle
50%
4-19 The Hive
50%
6-1 The Pit
50%
7-19 The Rash
50%
3-6 The Shaft
50%
5-1 The Witness
50%
7-5 Tommunism
50%
7-11 Train Eater
50%
7-7 Tunnel Blower
50%
2-17 Worm Food
50%
5-19 Wrath
50%
1-9 Safety Second
0%
No matching quizzes found
Score Distribution
Percent of People with Each Score
Percentile by Number Answered
Your Score History
You have not taken this quiz